| Tag |
First Indicator |
Second Indicator |
Subfields |
| LEADER |
00000cam a2200000 4500 |
| 001 |
in00001908159 |
| 006 |
m | d | |
| 007 |
cr |n||||||||n |
| 008 |
810811s1792 enk|||| s 00||||eng d |
| 005 |
20260403173624.4 |
| 035 |
|
|
|a (CStRLIN)ESTCT127134
|
| 040 |
|
|
|a Uk-ES
|c Uk-ES
|d Cu-RivES
|d CStRLIN
|d Thomson Gale
|d UtOrBLW
|
| 100 |
1 |
|
|a Radcliffe, Ann,
|d 1764-1823.
|
| 245 |
1 |
2 |
|a A Sicilian romance :
|b By the authoress of The Castles of Athlin and Dunbayne. In two volumes. ...
|
| 264 |
|
3 |
|a London :
|b printed for T. Hookham,
|c 1792.
|
| 300 |
|
|
|a 2 volumes ;
|c 12⁰.
|
| 336 |
|
|
|a text
|b txt
|2 rdacontent
|
| 337 |
|
|
|a computer
|b c
|2 rdamedia
|
| 338 |
|
|
|a online resource
|b cr
|2 rdacarrier
|
| 500 |
|
|
|a Authoress of The castles of Athlin and Dunbayne = Ann Radcliffe.
|
| 500 |
|
|
|a Reproduction of original from the British Library.
|
| 510 |
4 |
|
|a English Short Title Catalog,
|c ESTCT127134.
|
| 533 |
|
|
|a Electronic reproduction.
|b Farmington Hills, Mich. :
|c Thomson Gale,
|d 2003.
|n Available via the World Wide Web.
|n Access limited by licensing agreements
|7 s2003 miunns
|
| 500 |
|
|
|a Electronic resource.
|
| 830 |
|
0 |
|a Eighteenth century collections online.
|
| 856 |
4 |
0 |
|u http://proxy.library.tamu.edu/login?url=https://galenet.galegroup.com/servlet/ECCO?c=1&stp=Author&ste=11&af=BN&ae=T127134&tiPG=1&dd=0&dc=flc&docNum=CW116685848&vrsn=1.0&srchtp=a&d4=0.33&n=10&SU=0LRK&locID=txshracd2898
|z Full text online
|t 0
|
| 999 |
|
|
|a MARS
|
| 999 |
f |
f |
|s c5e6d27f-448c-36a9-990e-a7f810265aa6
|i bf7d9217-e7b4-3377-ba34-0dd04b04998d
|t 0
|
| 952 |
f |
f |
|a Texas A&M University
|b College Station
|c Electronic Resources
|s www_evans
|d Available Online
|t 0
|h No information provided
|
| 998 |
f |
f |
|t 0
|l Available Online
|